Plasma Physics (Record no. 530883)

000 -LEADER
fixed length control field 00338nam a2200133Ia 4500
008 - FIXED-LENGTH DATA ELEMENTS--GENERAL INFORMATION
fixed length control field 191014s9999 xx 000 0 und d
020 ## - INTERNATIONAL STANDARD BOOK NUMBER
International Standard Book Number LC 60-7234
082 ## - DEWEY DECIMAL CLASSIFICATION NUMBER
Classification number 537.532
Author Mark CHA
100 ## - MAIN ENTRY--PERSONAL NAME
Personal name S.Chandrasekhar
9 (RLIN) 20312
245 #0 - TITLE STATEMENT
Title Plasma Physics
260 ## - PUBLICATION, DISTRIBUTION, ETC.
Place of publication, distribution, etc. Canada
Name of publisher, distributor, etc. Universities of Chicago press
Date of publication, distribution, etc. 1960
300 ## - PHYSICAL DESCRIPTION
Extent X,215
942 ## - ADDED ENTRY ELEMENTS (KOHA)
Koha item type Book
Holdings
Withdrawn status Lost status Damaged status Not for loan Permanent Location Current Location Date acquired Source of acquisition Cost, normal purchase price Total Checkouts Full call number Barcode Date last seen Price effective from Koha item type
        School of Natural Sciences (SNS) School of Natural Sciences (SNS) 10/15/2019 Donation 0.00   537.532CHA SNS0002660 10/15/2019 10/15/2019 Book
© 2023 Central Library, National University of Sciences and Technology. All Rights Reserved.